000 00606nas a2200217 4500
001 BR9602774
003 BR-BrBNA
005 20231205094737.0
007 ta
008 230509b bl.|||p| |||| 00| 00por d
040 _aBR-BrBNA
_bpor
_cBiblioteca Nacional de Agricultura
041 _a(Pt)
072 _aE70
100 1 _aAnon.
245 1 _aSe vai comprar pintos aprenda e escolhe-los
650 _aPinto
650 _aCompra
773 0 _tAgricultura e Pecuaria (Brazil)
_xISSN 0100-249x
_g(May 1973), no. 580 p. 13
_wBR9602774
909 _a202311
_bLúcia
_c55
_dLúcia Elande
942 _2AGRIS
_n0
_cANA
999 _c146541
_d146541